000 00453nam a2200169Ia 4500
008 230718s9999 xx 000 0 und d
041 _aeng
082 _a006.32
_bFU
100 _aFu Limin
_9155225
245 _aNeural Networks In Computer Intelligence
260 _c1994
_bMicrosoft Press
300 _a460
_dRef 138 C (4803)
365 _cRs.
_b478.40
500 _a138 C
700 _aFu Limin
_9155225
906 _dB:369011-Apr-1995
_cCOMP
_b71.76
999 _c293698
_d293698